000 01635nam a2200421 i 4500
001 5762
003 KOSZ 005
005 20200227142015.0
008 200226s1993 pl a f 001 0 pol
015 _aPB 1993/6626
020 _a8390051060
040 _aWA N
_cWA N
_dKOSZ 005/RW
046 _k1993
080 _a597.2/.5
100 1 _aHeese, Tomasz
_d(1959- )
_eAutor
245 1 0 _aŻycie ryb /
_cTomasz Heese, Cyryl Przybyszewski ; Wyższa Szkoła Inżynierska w Koszalinie.
260 _aKoszalin :
_bWydawnictwo Uczelniane Wyższej Szkoły Inżynierskiej,
_c1993.
300 _a351 stron, [24] strony tablic :
_bfotografie (w tym kolorowe), rysunki ;
_c24 cm.
336 _aTekst
_btxt
_2rdacontent
337 _aBez urządzenia pośredniczącego
_bn
_2rdamedia
338 _aWolumin
_bnc
_2rdacarrier
380 _aKsiążki
380 _aPublikacje popularnonaukowe
388 _a1901-2000
500 _aNa stronie redakcyjnej zbędny ISSN.
504 _aBibliografia na stronach 331-[335]. Indeks.
650 7 _aRyby
650 7 _aBiologia
650 7 _aHodowla
655 7 _aOpracowanie
658 _aBiologia
658 _aOchrona środowiska
700 1 _aPrzybyszewski, Cyryl
_eAutor
710 2 _aWydawnictwo Uczelniane (Wyższa Szkoła Inżynierska ; Koszalin)
_bWydawnictwo Uczelniane.
_4pbl.
856 _uhttp://koha.tu.koszalin.pl/cgi-bin/koha/opac-detail.pl?biblionumber=5762
_yKatalog online BPK
856 _uhttp://dlibra.tu.koszalin.pl/dlibra/docmetadata?id=597&from=&dirids=1&ver_id=&lp=1&QI=
_yBiblioteka Cyfrowa
942 _2UKD
_cKS
999 _c5762
_d5762